Statistics for Every Team to Ever Play in the Champions League

Click here to take the quiz!

General Stats

  • This quiz has been taken 11 times
  • The average score is 56 of 147

Answer Stats

#Top FinishCountryClub% Correct
19ChampionItalyAC Milan
100%
18ChampionNetherlandsAjax Amsterdam
100%
13Runners-UpSpainAtlético Madrid
100%
26ChampionGermanyBayern Munich
100%
17ChampionGermanyBorussia Dortmund
100%
19ChampionEnglandChelsea FC
100%
18Semi-finalsUkraineDynamo Kyiv
100%
27ChampionSpainFC Barcelona
100%
26ChampionPortugalFC Porto
100%
16ChampionItalyInter Milan
100%
23ChampionItalyJuventus
100%
24ChampionEnglandManchester United
100%
16Semi-finalsFranceOlympique Lyon
100%
15Runners-UpFranceParis Saint-Germain
100%
16Semi-finalsNetherlandsPSV Eindhoven
100%
27ChampionSpainReal Madrid
100%
19Runners-upEnglandArsenal FC
88%
16Quarter-finalsTurkeyGalatasaray
88%
15ChampionEnglandLiverpool FC
88%
12Runners-UpEnglandManchester City
88%
20Quarter-finalGreeceOlympiacos
88%
16Quarter-finalsPortugalSL Benfica
88%
13Runners-UpGermanyBayer Leverkusen
75%
12Quarter-finalsRussiaCSKA Moscow
75%
7Group stageCroatiaDinamo Zagreb
75%
8Quarter-finalsSpainSevilla FC
75%
12Quarter-finalsRussiaSpartak Moscow
75%
6Runners-UpEnglandTottenham Hotspur
75%
5Group stageGreeceAEK Athens
63%
11Round of 16ScotlandCeltic
63%
1-GermanyEintracht Frankfurt
63%
4Round of 16DenmarkFC Copenhagen
63%
5Group stageNetherlandsFeyenoord Rotterdam
63%
2Group stageGermanyHamburger SV
63%
1Quarter-finalsEnglandLeicester City
63%
11ChampionFranceOlympique Marseille
63%
10Round of 16ScotlandRangers FC
63%
5Semi-finalsGermanyRB Leipzig
63%
5Round of 16AustriaRB Salzburg
63%
17Quarter-finalsUkraineShakhtar Donetsk
63%
10Round of 16PortugalSporting CP
63%
4Semi-finalsSpainVillarreal CF
63%
9Runners-UpFranceAS Monaco
50%
11Semi-finalsItalyAS Roma
50%
3Quarter-finalsItalyAtalanta Bergamo
50%
2Group stageSpainAthletic Bilbao
50%
10Group stageBelgiumClub Brugge
50%
8Round of 16SwitzerlandFC Basel
50%
4Quarter-finalsFranceGirondins Bordeaux
50%
7Round of 16FranceOSC Lille
50%
12Second group stageBelgiumRSC Anderlecht
50%
8Semi-finalsGermanySchalke 04
50%
7Round of 16Czech RepublicSparta Prague
50%
7Round of 16ItalySSC Napoli
50%
3Round of 16GermanyVfB Stuttgart
50%
3Quarter-finalsGermanyVfL Wolfsburg
50%
7Round of 16GermanyWerder Bremen
50%
4Quarter-finalsCyprusAPOEL
38%
8Round of 16TurkeyBesiktas
38%
3Round of 16GermanyBorussia Mönchengladbach
38%
5Semi-finalsSpainDeportivo La Coruna
38%
2Semi-finalsFranceFC Nantes
38%
1Group stageSwitzerlandFC Zürich
38%
6Quarter-finalsTurkeyFenerbahce
38%
2Group stageHungaryFerencvaros
38%
2Group stageSwitzerlandGrasshopper
38%
1Round of 16BelgiumKAA Gent
38%
1Semi-finalsEnglandLeeds United
38%
6Round of 16RussiaLokomotiv Moscow
38%
1Group stageSpainMallorca
38%
3Group stageSwedenMalmö FF
38%
2Second group stageEnglandNewcastle United
38%
9Semi-finalsGreecePanathinaikos
38%
1Group stageItalyParma
38%
2Round of 16SpainReal Sociedad
38%
2Group stageRussiaRubin Kazan
38%
6Quarter-finalsItalySS Lazio
38%
7Group stageRomaniaSteaua Bucuresti
38%
2Group stageSwitzerlandYoung Boys Bern
38%
3Quarter-finalsFranceAJ Auxerre
25%
1Group stageKazakhstanAstana
25%
1Round of 16SpainCelta Vigo
25%
1Quarter-finalsCroatiaHajduk Split
25%
4Quarter-finalsSwedenIFK Göteborg
25%
2Quarter-finalsPolandLegia Warsaw
25%
2Group stageAustriaRapid Wien
25%
2Group stageFranceRC Lens
25%
1Group stageSpainReal Betis
25%
11Quarter-finalsNorwayRosenborg Trondheim
25%
3Second group stageAustriaSturm Graz
25%
1Group stageTurkeyTrabzonspor
25%
1Group stageItalyUdinese
25%
3Group stageCzech RepublicViktoria Plzen
25%
9Round of 16RussiaZenit St.Petersburg
25%
1Group stageSwedenAIK
13%
1Group stageAustriaAustria Wien
13%
5Group stageBelarusBATE Borisov
13%
1Group stageEnglandBlackburn Rovers
13%
2Second group stagePortugalBoavista FC
13%
3Group stageRomaniaCFR Cluj
13%
1Group stageNetherlandsFC Twente
13%
1Second group stageGermanyHertha BSC
13%
1Group stageFinlandHJK Helsinki
13%
1Group stageBulgariaLevski Sofia
13%
2Group stageIsraelMaccabi Haifa
13%
3Group stageSloveniaMaribor
13%
1Group stageNorwayMolde FK
13%
2Group stageSerbiaRed Star Belgrade
13%
2Group stageCzech RepublicSlavia Prague
13%
1Group stageBelgiumStandard Liège
13%
12Runners-UpSpainValencia CF
13%
2Group stageDenmarkAalborg BK
0%
3Round of 16ItalyAC Fiorentina
0%
1Group stageNetherlandsAlkmaar
0%
1Group stageCyprusAnorthosis
0%
1Group stageDenmarkBrondby IF
0%
1Group stageTurkeyBursaspor
0%
1Group stageHungaryDebrecen
0%
1Quarter-finalsGermanyFC Kaiserslautern
0%
1Group stageRussiaFC Krasnodar
0%
1Group stageDenmarkFC Midtjylland
0%
1Group stageDenmarkFC Nordsjaelland
0%
1Group stageRussiaFC Rostov
0%
1Group stageSwitzerlandFC Thun
0%
1Group stageIsraelHapoel Tel Aviv
0%
1Group stageSwedenHelsingborgs IF
0%
1Group stageTurkeyIstanbul Basaksehir
0%
1Group stageSlovakiaKosice
0%
3Group stageBelgiumKRC Genk
0%
1Group stageBelgiumLierse
0%
2Group stageBulgariaLudogorets Razgrad
0%
2Group stageIsraelMaccabi Tel Aviv
0%
1Quarter-finalsSpainMálaga CF
0%
1Group stageFranceMontepellier HSC
0%
1Group stageRomaniaOtelu Galati
0%
2Group stageSerbiaPartizan Belgrade
0%
1Group stageSlovakiaPetrzalka
0%
1Group stageAzerbaijanQarabag
0%
1Group stageFranceRennes FC
0%
2Group stagePortugalSC Braga
0%
1Group stageNetherlandsSC Heerenveen
0%
1Group stageMoldovaSheriff Tiraspol
0%
1Group stageGermanyTSG 1899 Hoffenheim
0%
1Group stageRomaniaUnirea Urziceni
0%
1Group stagePolandWidzew Lodz
0%
1Group stageNetherlandsWillem II
0%
1Group stageSlovakiaZilina
0%

Score Distribution

Percentile by Number Answered

Percent of People with Each Score

Your Score History

You have not taken this quiz